Central Library and Information Centre
Sibsagar Girls' College, Sivasagar : Assam

NUMERICAL PROBLEMS IN PHYSICS (For Class XI) (Record no. 11016)

MARC details
000 -LEADER
fixed length control field 00570cam a2200205ua 4500
008 - FIXED-LENGTH DATA ELEMENTS--GENERAL INFORMATION
fixed length control field 160319n2005 II |||gr||||Z||||||eng
040 ## - CATALOGING SOURCE
Original cataloging agency MAIN
041 ## - LANGUAGE CODE
-- English
082 ## - DEWEY DECIMAL CLASSIFICATION NUMBER
Classification number 519.4 ARO
100 ## - MAIN ENTRY--PERSONAL NAME
Personal name ARORA, S.L.
245 ## - TITLE STATEMENT
Title NUMERICAL PROBLEMS IN PHYSICS (For Class XI)
250 ## - EDITION STATEMENT
Edition statement REP.
260 ## - PUBLICATION, DISTRIBUTION, ETC.
Place of publication, distribution, etc. JALANDHAR
Name of publisher, distributor, etc. DHANPAT RAI & SONS
Date of publication, distribution, etc. 2005
300 ## - PHYSICAL DESCRIPTION
Extent 900:
Dimensions 20CM.
500 ## - GENERAL NOTE
General note Donated by Suman Kamder, Ex. Student, Sibsagar Girls` College on 30-09-2013
700 ## - ADDED ENTRY--PERSONAL NAME
Personal name ARORA, S.L.,
Relator term AUTHOR.
942 ## - ADDED ENTRY ELEMENTS (KOHA)
Koha item type Books
653 ## - INDEX TERM--UNCONTROLLED
Uncontrolled term Numerical Physics
Holdings
Withdrawn status Lost status Damaged status Not for loan Collection code Home library Current library Shelving location Date acquired Full call number Barcode Date last seen Copy number Price effective from Koha item type Public note
        TBPHY Central Library and Information Centre Sibsagar Girls College Central Library and Information Centre Sibsagar Girls College PHYSICS BOOK RACK 18.03.1987 519.4 ARO 09491 27.02.2020 1 27.02.2020 Books V


Sibsagar Girl's College © 2020. All rights reserved.
Powered by Koha.
Maintained by Abhijit Borpuzari.